岐阜県の市町村(1960年) - Statistics

General Stats
  • This quiz has been taken 62 times
  • The average score is 65 of 106
Answer Stats
No. 市町村 備考 % Correct
1 岐阜市
100%
2 大垣市
96%
3 高山市
92%
4 多治見市
88%
6 中津川市
84%
12 土岐市
84%
7 美濃市
80%
10 恵那市
80%
11 美濃加茂市
80%
18 羽島郡 岐南町
80%
30 安八郡 輪之内町
80%
33 揖斐郡 揖斐川町
80%
42 本巣郡 北方町
80%
43 本巣郡 本巣町 2004年消滅
80%
71 加茂郡 白川町
80%
72 加茂郡 東白川村
80%
96 大野郡 白川村
80%
5 関市
76%
8 瑞浪市
76%
19 羽島郡 笠松町
76%
24 養老郡 養老町
76%
29 安八郡 神戸町
76%
31 安八郡 安八町
76%
9 羽島市
72%
21 海津郡 海津町 2005年消滅
72%
26 不破郡 垂井町
72%
35 揖斐郡 大野町
72%
45 本巣郡 穂積町 2003年消滅
72%
59 郡上郡 八幡町 2004年消滅
72%
70 加茂郡 八百津町
72%
90 益田郡 下呂町 2004年消滅
72%
91 益田郡 金山町 2004年消滅
72%
101 吉城郡 古川町 2004年消滅
72%
17 羽島郡 川島町 2004年消滅
68%
23 海津郡 南濃町 2005年消滅
68%
25 養老郡 上石津村 1969年昇格
68%
28 不破郡 関ケ原町
68%
32 安八郡 墨俣町 2006年消滅
68%
34 揖斐郡 谷汲村 2005年消滅
68%
36 揖斐郡 池田町
68%
66 加茂郡 坂祝村 1968年昇格
68%
67 加茂郡 富加村 1974年昇格
68%
73 可児郡 御嵩町
68%
94 大野郡 清見村 2005年消滅
68%
105 吉城郡 神岡町 2004年消滅
68%
48 本巣郡 糸貫町 2004年消滅
64%
49 本巣郡 根尾村 2004年消滅
64%
57 武儀郡 武儀村 1971年昇格
64%
61 郡上郡 白鳥町 2004年消滅
64%
62 郡上郡 高鷲村 2004年消滅
64%
69 加茂郡 七宗村 1971年昇格
64%
74 可児郡 可児町 1982年昇格
64%
75 可児郡 兼山町 2005年消滅
64%
79 恵那郡 加子母村 2005年消滅
64%
88 益田郡 萩原町 2004年消滅
64%
20 羽島郡 柳津町 2006年消滅
60%
22 海津郡 平田町 2005年消滅
60%
39 揖斐郡 藤橋村 2005年消滅
60%
50 山県郡 高富町 2003年消滅
60%
80 恵那郡 付知町 2005年消滅
60%
85 恵那郡 明智町 2004年消滅
60%
89 益田郡 小坂町 2004年消滅
60%
54 武儀郡 洞戸村 2005年消滅
56%
68 加茂郡 川辺町
56%
77 恵那郡 坂下町 2005年消滅
56%
87 恵那郡 上矢作町 2004年消滅
56%
92 益田郡 馬瀬村 2004年消滅
56%
95 大野郡 荘川村 2005年消滅
56%
99 大野郡 朝日村 2005年消滅
56%
106 吉城郡 上宝村 2005年消滅
56%
13 稲葉郡 那加町 1963年消滅
52%
15 稲葉郡 鵜沼町 1963年消滅
52%
16 稲葉郡 蘇原町 1963年消滅
52%
41 揖斐郡 徳山村 1987年消滅
52%
52 山県郡 伊自良村 2003年消滅
52%
60 郡上郡 大和村 1985年昇格
52%
63 郡上郡 美並村 2004年消滅
52%
65 郡上郡 和良村 2004年消滅
52%
83 恵那郡 岩村町 2004年消滅
52%
93 大野郡 丹生川村 2005年消滅
52%
98 大野郡 久々野町 2005年消滅
52%
102 吉城郡 国府村 1964年昇格
52%
103 吉城郡 河合村 2004年消滅
52%
104 吉城郡 宮川村 2004年消滅
52%
37 揖斐郡 春日村 2005年消滅
48%
40 揖斐郡 坂内村 2005年消滅
48%
47 本巣郡 真正村 1964年昇格
48%
55 武儀郡 板取村 2005年消滅
48%
76 土岐郡 笠原町 2006年消滅
48%
82 恵那郡 蛭川村 2005年消滅
48%
84 恵那郡 山岡町 2004年消滅
48%
97 大野郡 宮村 2005年消滅
48%
100 大野郡 高根村 2005年消滅
48%
27 不破郡 赤坂町 1967年消滅
44%
53 山県郡 美山村 1964年昇格
44%
56 武儀郡 武芸村 1965年昇格
44%
58 武儀郡 上之保村 2005年消滅
44%
46 本巣郡 巣南村 1964年昇格
40%
78 恵那郡 川上村 2005年消滅
40%
86 恵那郡 串原村 2004年消滅
40%
38 揖斐郡 久瀬村 2005年消滅
36%
81 恵那郡 福岡村 1966年昇格
36%
14 稲葉郡 稲羽町 1963年消滅
32%
64 郡上郡 奥明方村 1970年改称
32%
51 山県郡 三輪村 1961年消滅
24%
44 本巣郡 網代村 1963年消滅
8%
No matching quizzes found
Score Distribution
Percent of People with Each Score
Percentile by Number Answered
Your Score History
You have not taken this quiz